Suelos salinos y sódicos
Guardat en:
| Autors principals: | , , , , , , , , , |
|---|---|
| Format: | Llibre |
| Idioma: | espanyol |
| Publicat: |
Ciudad de México
Cultura
1965
|
| Edició: | 4a. ed |
| Col·lecció: | Manual de Agricultura, 60
|
| Matèries: | |
| Etiquetes: |
Afegir etiqueta
Sense etiquetes, Sigues el primer a etiquetar aquest registre!
|
MARC
| LEADER | 00000nam a2200000 a 4500 | ||
|---|---|---|---|
| 001 | UCR3670 | ||
| 003 | CL-VaPUC | ||
| 008 | 980130e19650000MX |||||||||||||||||spa|d | ||
| 082 | 0 | 4 | |a 631.8 |b RIC |2 21 |
| 100 | 0 | |a Richards, L. A |e author |9 402776 | |
| 700 | 0 | |a Allison, L. E |e author |9 402777 | |
| 700 | 0 | |a Brown, J. W |e author |9 402778 | |
| 700 | 0 | |a Hayward, H. E |e author |9 402779 | |
| 700 | 0 | |a Richards, L. A |e author |9 402776 | |
| 700 | 0 | |a Bernstein, L |e author |9 402780 | |
| 700 | 0 | |a Fireman, M |e author |9 402781 | |
| 700 | 0 | |a Pearson, G. A |e author |9 402782 | |
| 700 | 0 | |a wilcox, L. V |e author |9 402783 | |
| 700 | 0 | |a Bower, C. A |e author |9 402784 | |
| 700 | 0 | |a Hatcher, J. T |e author |9 402785 | |
| 245 | 1 | 0 | |a Suelos salinos y sódicos |
| 250 | |a 4a. ed | ||
| 300 | |a 172 p | ||
| 942 | |c BK | ||
| 945 | |d 19980130 00:00:00 |a jquezada | ||
| 260 | |a Ciudad de México |b Cultura |c 1965 | ||
| 650 | 7 | |a EDAFOLOGIA |2 CL-VaPUC |9 402786 | |
| 650 | 7 | |a SUELOS SODICOS |2 CL-VaPUC |9 327559 | |
| 650 | 0 | |a Suelos salinos |9 327558 | |
| 650 | 0 | |a Propiedades |9 316623 | |
| 583 | |a last modification |c 19980130 00:00:00 |k Rodrigo Vera | ||
| 490 | 0 | |a Manual de Agricultura, 60 | |
| 999 | |c 266720 |d 266718 | ||